000 00515nam a2200193Ia 4500
003 OSt
005 20250605152220.0
008 210210b1986 xxu||||| |||| 00| 0 eng d
040 _cAL
041 _aKannada
082 _aK894.3 REKU
100 _aREKHA KAKHANDAKI
_dರೇಖಾ ಕಾಖಂಡಕಿ
_9212997
245 _aUdayadedege
_bಉದಯದೆಡೆಗೆ
260 _aBengaluru
_bPrakasha Sahitya
_c1986
300 _a186
690 _aKannada Fiction
_9212998
906 _a038726
942 _2ddc
_cBK
999 _c88883
_d88883